Normal view
MARC view
- الأطفال-علم نفس. التفكير عند الأطفال-تربية الأطفال
Entry Topical Term
001 - CONTROL NUMBER
- control field: 8399
003 - CONTROL NUMBER IDENTIFIER
- control field: JO-AjAnu
005 - DATE AND TIME OF LATEST TRANSACTION
- control field: 20230606071644.0
008 - FIXED-LENGTH DATA ELEMENTS
- fixed length control field: 230606|| aca||aabn | a|a d
040 ## - CATALOGING SOURCE
- Original cataloging agency: JO-AjAnu
- Transcribing agency: JO-AjAnu
150 ## - HEADING--TOPICAL TERM
- Topical term or geographic name entry element: الأطفال-علم نفس. التفكير عند الأطفال-تربية الأطفال
670 ## - SOURCE DATA FOUND
- Source citation: Work cat.: (JO-AjAnu)4335: مخيمر،صلاح مؤلف/رزق،عبده ميخائيل م.مشارك/أثناسيوس،زكريا م.مشارك, author 8398, مدخل إلى سيكولوجية التعلم